000 00570nam a2200181Ia 4500
003 GCL
005 20240530100412.0
008 140319s9999 xx 000 0 eng d
040 _aGCL /
_cGCL
082 0 4 _a780.070942
_bL M
100 1 _aLEPPERT,RICHARD
245 1 0 _aMUSIC AND IMAGE: DOMESTICITY IDEOLOGY AND SOCIO- CULTURAL INFORMATION IN EIGHTEENTH CENTURY ENGLAND /
_cLEPPERT, RICHARD
260 _a[S.N] :
_bCAMLRIDGE UNIVERSITY PRESS
650 0 4 _aMUSIC - SOCIETY
650 0 4 _aMUSIC - HOME
650 0 4 _aENGLISH HISTORY - UPPER CLASSES
942 _2ddc
_cBK
999 _c17323
_d17323